000 00701cam a22001935i 4500
999 _c15021
_d15021
001 19037087
005 20170503020051.0
008 160331s2016 ke a b 000 0 eng
010 _a 2015333226
020 _a9789966314215
040 _aDLC
_beng
_cDLC
_erda
042 _alcode
_apcc
245 0 0 _aYouth unemployment in Kenya :
_ba ticking time bomb /
_cedited by: Helmut Danner, Monica Kerrets-Makau, Johannes Michael Nebe.
300 _ax, 214 pages :
_billustrations ;
_c21 cm
504 _aIncludes bibliographical references.
906 _a0
_bibc
_corigode
_d3
_encip
_f20
_gy-gencatlg
942 _2ddc
_cBOOKS
_hHD 6276 .Y68 2016
_04